Club Vincitori Guerin d'oro - Statistics

Statistiche generali
  • Questo quiz è stato fatto 3 volte
  • Il punteggio medio è 11 su 17
Statistiche sulle risposte
Numero edizioni Edizioni vinte Squadra % Corretto
2 2005-2006; 2006-2007 Fiorentina
100%
1 1999-2000 Hellas Verona
100%
4 1986-1987; 1988-1989; 1996-1997; 2001-2002 Inter
100%
8 1983-1984; 1994-1995; 1996-1997; 2002-2003; 2007-2008; 2011-2012; 2013-2014; 2014-2015 Juventus
100%
2 1992-1993; 1998-1999 Lazio
100%
3 1989-1990; 1991-1992 1993-1994 Milan
100%
5 1978-1978; 1979-1980; 1980-1981; 1984-1984; 2012-2013 Napoli
100%
1 1996-1997 Parma
67%
3 1982-1983; 1997-1998; 2003-2004 Roma
67%
3 1987-1988; 1990-1991; 1995-1996 Sampdoria
67%
3 1975-1976; 1976-1977; 1985-1986 Torino
67%
1 1981-1982 Udinese
67%
1 2004-2005 Bologna
33%
1 2008-2009 Genoa
33%
1 1985-1986 Ascoli
0%
1 2000-2001 Brescia
0%
1 1977-1978 L.R. Vicenza
0%
Nessun quiz corrispondente trovato
Distribuzione punteggi
Percentuale di utenti per punteggio
Percentile per numero di risposta
I tuoi punteggi nel tempo
Non hai fatto questo quiz